000 01249nam0a22002771 4500
001 v19\rc\1787730
005 20260405213536.0
035 _a(NLR Aleph) 005251075
090 _a5804466
_c5804465
100 _a20061204d1905 |||y0rusy50 ca
101 0 _arus
102 _aRU
105 _aac z |||||
200 1 _aМ[арк] М[атвеевич] Антокольский
_fСоставил А.Д. Алферов
_gПедагогич. о-во, состоящее при Имп. Моск. ун-те. Труды Комис. по устройству чтения для учащихся
210 _aМосква
_cт-во И.Д. Сытина
_d1905
215 _a50 с.
_cил., портр.
_d22
532 1 3 _aМарк Матвеевич Антокольский
700 1 _8rus
_7ca
_aАлферов
_bА. Д.
_f1862-1919
_gАлександр Данилович
_3RU\NLR\AUTH\7789654
_972581
702 1 _4570
_8rus
_7ca
_aАнтокольский
_bМ. М.
_cскульптор
_f1840-1902
_gМарк Матвеевич
_3RU\NLR\AUTH\7796551
_979477
801 0 _aRU
_bNLR
_c20061204
_gpsbo
801 1 _aRU
_bProSoft-M
_c20061204
_2rusmarc
801 2 _aRU
_bNLR
_c20110707
_2rusmarc
852 _aNLR
_j34.50.4.114
942 _cBOOK
980 _aNB